|
|
|
|
| LEADER |
00000nab#a22000007a#4500 |
| 001 |
arbauad031451 |
| 003 |
AR-BaUAD |
| 005 |
20250711112541.0 |
| 008 |
980616|||||||||###||||||b###|0###a|spa|| |
| 040 |
|
|
|a AR-BaUAD
|c AR-BaUAD
|b spa
|
| 100 |
|
|
|a Spirito, Fabrizio
|
| 245 |
|
|
|a Oltre il 2 /
|c Fabrizio Spirito;
|
| 300 |
0 |
|
|b fot., planos
|
| 653 |
|
|
|a EDIFICACION
|
| 653 |
|
|
|a DESARROLLO URBANO
|
| 653 |
|
|
|a TEORIA
|
| 653 |
|
|
|a URBANISMO
|
| 773 |
0 |
|
|t MODO
|g no. 187 [mar. 1998], p. 46-50
|
| 942 |
|
|
|c ARTI
|
| 952 |
|
|
|0 0
|1 0
|4 0
|7 0
|9 76370
|a AR-BAuAD
|b AR-BAuAD
|d 2025-07-11
|l 0
|p AAQA031451
|r 2025-07-11 11:25:41
|w 2025-07-11
|y ARTI
|
| 990 |
|
|
|a U199
|b TD
|
| 998 |
|
|
|a AAQ
|b BIBUN76
|
| 999 |
|
|
|c 56043
|d 56043
|